00925 a2200205 45000010006000000050017000060080041000230030015000640400040000790800085001192450113002040200022003172640033003393000043003725050220004150410008006351000024006437000030006677000022006976097620260407155900.0260407a1992 arg spa dAR-UNSa-BCEJYS aAR-UNSa-BCEJYSbspacAR-UNSa-BCEJYS a342.4xConstituciones. Asambleas legislativas. Asambleas nacionales (Reforma...)10aConstitución y poder polìticopJurisprudencia de la Corte Suprema de técnicas para su interpretación a978-950-508-211-7 1aBuenos Aires :bAstreac1992 a2 v. (xxiii, 672 ; xi, 488 p.)c23 cm. aVol. I: 1. Control de constitucionalidad - 2. Justiciabilidad - 3. Jurisdicción de la corte suprema -- Vol. II: 4. Relación entre los poderes - 5. Federalismo - 6. Técnicas de interpretación constitucional.  aspa1 aMiller, Jonathan M.1 aGelli, María Angélica1 aCayuso, Susana G.